Couleurs de l'arc-en-ciel - Statistiques

Statistiques générales
  • Ce quiz a été pris 159 fois
  • Le résultat moyen est 6 sur 7
Statistiques - réponses
Hint Réponse % Correct
3 bleu
100%
5 jaune
100%
7 rouge
100%
4 vert
100%
6 orange
98%
1 violet
98%
2 indigo
47%
Aucun quiz correspondant
Distribution des résultats
% des personnes avec chaque résultat
Percentile par nombre de réponses
Votre historique - résultats
Vous n’avez pas pris ce quiz